| 000 | 00677nam a22001817a 4500 | ||
|---|---|---|---|
| 003 | OSt | ||
| 005 | 20250820055257.0 | ||
| 008 | 250820b |||||||| |||| 00| 0 eng d | ||
| 040 |
_aDWC-Main Lib _cOC |
||
| 082 | _aFil. 959.930 I39 2007 | ||
| 245 |
_aIndigenous peoples' community organizing ( IPCO) : _bthe mangyan experience ( a matter of sharing)/ |
||
| 260 |
_aCalapan City, Oriental Mindor, Philippines : _b[publishing company not identified], _cc2007. |
||
| 300 |
_a142 pages : _billustrations ; _c28cm. |
||
| 650 | _a1. Mangayan (Philippine people). | ||
| 650 | _a2. Philippines -- Mindoro. | ||
| 650 | _a3. Community Organization. | ||
| 942 |
_2ddc _cBK - FIL _kFil. _n0 |
||
| 999 |
_c4113 _d4113 |
||